000 00495nam a2200169Ia 4500
999 _c20574
_d20574
003 OSt
005 20200624120233.0
008 190216s9999||||xx |||||||||||||| ||und||
020 _a8171560180
040 _coclc
082 _a954.03
_bAZI/B
100 _aAziz, K K
_93078
245 0 _aBritish Imperialism In India /
_cK K Aziz
260 _bAtlantic Publications & Distributors,
_c1995.
_aNew Delhi:
300 _a365p
942 _cBK
_2ddc
_h954.03
_iAZI/B
_k954.03
_mAZI/B